Cricket: Highest ODI Average by Batting Position - Statistics

General Stats
  • This quiz has been taken 50 times
    26 since last reset
  • The average score is 5 of 11
Answer Stats
Country Years Position Runs Average Answer % Correct
IND 2008-2023* 3 11727 61.72 Virat Kohli
89%
IND 2019-2023* Opener 2092 63.39 Shubman Gill
84%
WI 2016-2023* Opener 2612 60.74 Shai Hope
79%
SA 2005-2018 5 2027 77.96 AB de Villiers
74%
IND 2004-2019 7 940 44.76 MS Dhoni
63%
AUS 1994-2004 4 2265 59.61 Michael Bevan
42%
IND 2014-2020 6 997 49.85 Kedar Jadhav
37%
SA 1996-2004 8 1056 58.67 Lance Klusener
21%
ENG 2005-2019 9 459 25.50 Liam Plunkett
21%
NZ 2001-2015 10 344 17.20 Kyle Mills
16%
NZ 1979-1989 11 106 13.25 Ewen Chatfield
5%
No matching quizzes found
Score Distribution
Percent of People with Each Score
Percentile by Number Answered
Your Score History
You have not taken this quiz since the last reset